| 000 | 00598 a2200181 4500 | ||
|---|---|---|---|
| 010 | _aENG-141453 | ||
| 020 |
_a9788194909293 _c400.00 |
||
| 035 | _aEN-124985 | ||
| 037 | _bDBAD | ||
| 082 | 1 | 4 | _a158.1 |
| 100 |
_aChopra ,R.M. _970556 |
||
| 245 | 1 |
_aHappiness Unravelled / _cEdited by R.M. Chopra |
|
| 260 |
_aNew Delhi _bAnuradha Prakashan _c2020 |
||
| 270 |
_a1193 Pankha Road ,Nangal Raya ,D2A Janakpuri _bNew Delhi _e110046 _k9213135921 _k01128520555 _manuradhaprakashan@gmaiiil.com |
||
| 300 |
_a128p.: _c21cm(Pb) |
||
| 700 | _970554 | ||
| 942 |
_adpl _cEN _2ddc _h158.1 _mCHO |
||
| 999 |
_c205288 _d205288 |
||